MASTERING TURBO C (Record no. 570409)
[ view plain ]
| 000 -LEADER | |
|---|---|
| fixed length control field | 00336nam a22001337a 4500 |
| 020 ## - INTERNATIONAL STANDARD BOOK NUMBER | |
| International Standard Book Number | 81-7029-098-8 |
| 082 ## - DEWEY DECIMAL CLASSIFICATION NUMBER | |
| Classification number | 005.133-TC KEL'M |
| 100 ## - MAIN ENTRY--PERSONAL NAME | |
| Personal name | KELLY-BOOTLE, STAN |
| 9 (RLIN) | 36796 |
| 245 ## - TITLE STATEMENT | |
| Title | MASTERING TURBO C |
| 260 ## - PUBLICATION, DISTRIBUTION, ETC. | |
| Place of publication, distribution, etc. | NEW DELHI |
| Name of publisher, distributor, etc. | BPB PUBLICATIONS |
| Date of publication, distribution, etc. | 1988 |
| 300 ## - PHYSICAL DESCRIPTION | |
| Extent | 578P |
| 650 ## - SUBJECT ADDED ENTRY--TOPICAL TERM | |
| Topical term or geographic name entry element | MASTERING TURBO C |
| 9 (RLIN) | 60759 |
| 942 ## - ADDED ENTRY ELEMENTS (KOHA) | |
| Koha item type | Book |
| Withdrawn status | Lost status | Damaged status | Not for loan | Permanent Location | Current Location | Shelving location | Date acquired | Total Checkouts | Full call number | Barcode | Date last seen | Price effective from | Koha item type |
|---|---|---|---|---|---|---|---|---|---|---|---|---|---|
| College of Electrical & Mechanical Engineering (CEME) | College of Electrical & Mechanical Engineering (CEME) | Fiction | 07/19/2017 | 005.133-TC KEL'M | CEME-25328 | 06/28/2021 | 06/28/2021 | Book |
